000 01160cam a22002054a 4500
005 20250605164217.0
008 250528s ||||||||||||||||||||||||d
035 _a20516
020 _a3471776567
040 _aGR-AtMCL
_bgre
_dGR-AtMCL
_eAACR2
245 1 _aGriechenland Ohne Saulen
260 _bList Bibliothek,
_c1990
300 _a322
505 0 _aVorworth, Armut in Marmor Gefabt, Kaum Aussicht auf Embonpoint - die Landwirtschaft, Ubersprungenes Eisenbanzeitalter, Von Hellas nach Griechenland, Griechenland Wird Wieder Griechisch, Von Weltkrieg zu Weltkrieg, Die Passion der Kleinasiatischen Fluchtlinge, Labile Stabilisierung, Heimkehr in Die Demokratie, Summa Graeca: Odyssee Ohne Itheka.
520 _aVorworth, Armut in Marmor Gefabt, Kaum Aussicht auf Embonpoint - die Landwirtschaft, Ubersprungenes Eisenbanzeitalter, Von Hellas nach Griechenland, Griechenland Wird Wieder Griechisch, Von Weltkrieg zu Weltkrieg, Die Passion der Kleinasiatischen Fluchtlinge, Labile Stabilisierung, Heimkehr in Die Demokratie, Summa Graeca: Odyssee Ohne Itheka.
700 1 _aGaitanides Johannes
_96505
942 _cBK
999 _c5616
_d5616